<?xml version="1.0" encoding="UTF-8"?><?xml-stylesheet type="text/xsl" href="static/style.xsl"?><OAI-PMH xmlns="http://www.openarchives.org/OAI/2.0/" xmlns:xsi="http://www.w3.org/2001/XMLSchema-instance" xsi:schemaLocation="http://www.openarchives.org/OAI/2.0/ http://www.openarchives.org/OAI/2.0/OAI-PMH.xsd"><responseDate>2026-04-27T21:21:33Z</responseDate><request verb="GetRecord" identifier="oai:uvadoc.uva.es:10324/15549" metadataPrefix="marc">https://uvadoc.uva.es/oai/request</request><GetRecord><record><header><identifier>oai:uvadoc.uva.es:10324/15549</identifier><datestamp>2021-06-29T12:19:14Z</datestamp><setSpec>com_10324_38</setSpec><setSpec>col_10324_852</setSpec></header><metadata><record xmlns="http://www.loc.gov/MARC21/slim" xmlns:doc="http://www.lyncode.com/xoai" xmlns:xsi="http://www.w3.org/2001/XMLSchema-instance" xmlns:dcterms="http://purl.org/dc/terms/" xsi:schemaLocation="http://www.loc.gov/MARC21/slim http://www.loc.gov/standards/marcxml/schema/MARC21slim.xsd">
<leader>00925njm 22002777a 4500</leader>
<datafield tag="042" ind1=" " ind2=" ">
<subfield code="a">dc</subfield>
</datafield>
<datafield tag="720" ind1=" " ind2=" ">
<subfield code="a">Olmedo Gónzalez, Noelia</subfield>
<subfield code="e">author</subfield>
</datafield>
<datafield tag="260" ind1=" " ind2=" ">
<subfield code="c">2015</subfield>
</datafield>
<datafield tag="520" ind1=" " ind2=" ">
<subfield code="a">Nuestro país se encuentra inmerso en una de las mayores crisis económicas de la historia, una crisis que ha tenido incidencia en todos los sectores de la economía española y también en el ámbito del Derecho Mercantil. La legislación concursal es muy sensible respecto de la realidad económica que está destinada a regular. Cualquier cambio en esta realidad obliga a un cambio legislativo. El presente TFG trata de analizar las Estadísticas del Procedimiento Concursal facilitadas por el INE y contrastar los datos obtenidos con la Ley Concursal. De esta forma vamos a llegar a una serie de conclusiones finales y en alguna ocasión será necesario modificar la Ley Concursal vigente.</subfield>
</datafield>
<datafield tag="024" ind2=" " ind1="8">
<subfield code="a">http://uvadoc.uva.es/handle/10324/15549</subfield>
</datafield>
<datafield ind1=" " ind2=" " tag="653">
<subfield code="a">Concurso de acreedores - España</subfield>
</datafield>
<datafield tag="245" ind1="0" ind2="0">
<subfield code="a">Los procesos concursales y su incidencia macroeconómica: análisis jurídico y estadístico del concurso de acreedores en España (2006-2013)</subfield>
</datafield>
</record></metadata></record></GetRecord></OAI-PMH>